书目信息 |
| 题名: |
高效养中蜂
|
|
| 作者: | 张中印 , 吉挺 , 吴黎明 编著 | |
| 分册: | ||
| 出版信息: | 北京 机械工业出版社 2016.04 |
|
| 页数: | 206页 | |
| 开本: | 21cm | |
| 丛书名: | ||
| 单 册: | ||
| 中图分类: | S894 | |
| 科图分类: | ||
| 主题词: | 蜜蜂饲养--饲养管理 | |
| 电子资源: | ||
| ISBN: | 978-7-111-52936-1 | |
| 000 | 01086nam0 2200253 450 | |
| 001 | 5312 | |
| 005 | 20181015131844.90 | |
| 010 | @a978-7-111-52936-1@dCNY25.00 | |
| 100 | @a20160412d2016 em y0chiy50 ea | |
| 101 | 0 | @achi |
| 102 | @aCN@b110000 | |
| 105 | @aa z 000yy | |
| 200 | 1 | @a高效养中蜂@9gao xiao yang zhong feng@b专著@f张中印, 吉挺, 吴黎明编著 |
| 210 | @a北京@c机械工业出版社@d2016.04 | |
| 215 | @a206页@c图,照片@d21cm | |
| 300 | @a高效养殖致富直通车 双色印刷 37 国家现代农业蜂产业技术体系研究成果 中国养蜂学会中蜂饲养技术推荐教材 | |
| 330 | @a本书依据中蜂的生活习性,围绕高效、安全、优质这一主题,阐述无框和活框中蜂饲养技术,主要包括认识和利用中蜂、中蜂形态与生活习性、蜜源植物与养蜂工具、活框饲养管理技术、活框饲养良种选育、无框饲养管理技术、病敌害的综合防治、做好销售提高效益等内容,旨在提高蜂农收入,实现中蜂养殖持续稳定健康发展。 | |
| 606 | 0 | @a蜜蜂饲养@x饲养管理 |
| 690 | @aS894@v5 | |
| 701 | 0 | @a张中印@9zhang zhong yin@4编著 |
| 701 | 0 | @a吉挺@9ji ting@4编著 |
| 701 | 0 | @a吴黎明@9wu li ming@4编著 |
| 801 | 0 | @aCN@b91MARC@c20160613 |
| 905 | @aMuseLib@dS894@e182 | |
| 高效养中蜂/张中印, 吉挺, 吴黎明编著.-北京:机械工业出版社,2016.04 |
| 206页:图,照片;21cm |
| 高效养殖致富直通车 双色印刷 37 国家现代农业蜂产业技术体系研究成果 中国养蜂学会中蜂饲养技术推荐教材 |
| ISBN 978-7-111-52936-1:CNY25.00 |
| 本书依据中蜂的生活习性,围绕高效、安全、优质这一主题,阐述无框和活框中蜂饲养技术,主要包括认识和利用中蜂、中蜂形态与生活习性、蜜源植物与养蜂工具、活框饲养管理技术、活框饲养良种选育、无框饲养管理技术、病敌害的综合防治、做好销售提高效益等内容,旨在提高蜂农收入,实现中蜂养殖持续稳定健康发展。 |
| ● |
| 相关链接 |
|
|
|
|
正题名:高效养中蜂
索取号:S894/182
 
预约/预借
| 序号 | 登录号 | 条形码 | 馆藏地/架位号 | 状态 | 备注 |
| 1 | 1129119 | 211291190 | 第二样本阅览室/ [索取号:S894/182] | 在馆 | |
| 2 | 1129120 | 211291207 | 第三借阅区/ [索取号:S894/182] | 在馆 | |
| 3 | 1129121 | 211291216 | 第三借阅区/ [索取号:S894/182] | 在馆 | |
| 4 | 1129122 | 211291225 | 第三借阅区/ [索取号:S894/182] | 在馆 | |
| 5 | 1129123 | 211291234 | 密集书库-生命科学系/ [索取号:S894/182] | 在馆 |